Statistics for Countries of Africa Ending in A

Click here to take the quiz!

General Stats

  • This quiz has been taken 37 times
  • The average score is 20 of 22

Answer Stats

Country% Correct
Ethiopia
100%
Algeria
97%
Angola
97%
Gambia
94%
Ghana
94%
Kenya
94%
Libya
94%
Namibia
94%
South Africa
94%
Tunisia
94%
Zambia
94%
Somalia
91%
Eritrea
88%
Guinea
88%
Liberia
88%
Mauritania
88%
Nigeria
88%
Rwanda
88%
Tanzania
88%
Uganda
85%
Botswana
82%
Equatorial Guinea
76%

Score Distribution

Percentile by Number Answered

Percent of People with Each Score

Your Score History

You have not taken this quiz